Posúdenie rizík pri práci s hydraulickým vstrekovacím lisom

Salvato in:
Dettagli Bibliografici
Autore principale: Briatková, Natália (Autore)
Altri autori: Szabová, Zuzana (Relatore della tesi)
Natura: Manoscritto Libro
Lingua:slovacco
Pubblicazione: 2022
Soggetti:
Accesso online:http://is.stuba.sk/zp/portal_zp.pl?podrobnosti=155296
Tags: Aggiungi Tag
Nessun Tag, puoi essere il primo ad aggiungerne!!

MARC

LEADER 00000ntm a22000003a 4500
001 stuzp90154
003 SK-STU
005 20220702212204.2
007 ta
008 150427s2015----xo-----f-mn---000-0-slo-d
040 |a STU  |b slo 
041 0 |a slo 
100 1 |a Briatková, Natália  |u 065000  |4 aut  |U MTF Materiálovotechnologická fakulta  |T MTF Ústav integrovanej bezpečnosti  |X 103243  |U M5000  |Y 85  |7 103243 
242 0 1 |a Risk assessment of hydraulic injection molding machine  |y eng 
245 1 0 |a Posúdenie rizík pri práci s hydraulickým vstrekovacím lisom 
260 |c 2022 
650 4 |a bezpečnosť  |2 slo 
650 4 |a riziko  |2 slo 
650 4 |a stroj  |2 slo 
650 4 |a safety  |2 eng 
650 4 |a risk analysis  |2 eng 
650 4 |a machine  |2 eng 
700 1 |a Szabová, Zuzana  |u 065200  |k Z1  |4 ths  |U MTF Ústav integrovanej bezpečnosti  |T MTF Katedra bezpečnostného inžinierstva  |X 4741  |U M5200  |Y 192  |7 A000004741 
856 4 |u http://is.stuba.sk/zp/portal_zp.pl?podrobnosti=155296 
996 |c M* BP-9289  |l MMSKP  |s P  |a 0  |w stuzp90154_0001